Loading...
| History - American | 2 | 3 | 0 | 2 | 60 | 52 | 90.20 | 2 | 4 | 11.97 | 25.00 |
| History - World | 1 | 3 | 0 | 1 | 45 | 55 | 84.00 | 2 | 3 | 10.45 | 20.83 |
| Social Science | 1 | 1 | 0 | 0 | 25 | 55 | 65.50 | 0 | 2 | 4.87 | 8.33 |
| History - Other | 0 | 2 | 1 | 0 | 15 | 80 | 101.00 | 0 | 2 | 6.73 | 20.83 |
| History - European | 0 | 2 | 2 | 1 | 10 | 80 | 110.50 | 0 | 1 | 2.88 | 4.17 |
| History - Ancient | 0 | 1 | 0 | 0 | 10 | 73 | 73.00 | 1 | 1 | 7.65 | 16.67 |
| Auditory Arts | 0 | 1 | 0 | 0 | 10 | 97 | 97.00 | 0 | 1 | 2.21 | 4.17 |
| Literature - British | 0 | 1 | 0 | 0 | 10 | 104 | 104.00 | 0 | 1 | 2.19 | 4.17 |
| Literature - World | 0 | 1 | 0 | 0 | 10 | 119 | 119.00 | 0 | 1 | 1.59 | 6.25 |
| Science - Biology | 0 | 1 | 1 | 1 | 5 | 125 | 125.00 | 0 | 1 | 0.20 | 2.08 |
| Geography | 0 | 1 | 1 | 0 | 5 | 87 | 87.00 | 0 | 1 | 5.92 | 18.75 |
| Current Events | 0 | 1 | 1 | 0 | 5 | 93 | 93.00 | 0 | 1 | 5.00 | 10.00 |
| Beliefs | 0 | 0 | 2 | 0 | -10 | 0.00 | 0 | 0 | 0.00 | 0.00 |